The Complete Sherlock Homes...... Stories (Record no. 284460)

000 -LEADER
fixed length control field 00240 a2200097 4500
001 - CONTROL NUMBER
control field 49387
090 ## - LOCALLY ASSIGNED LC-TYPE CALL NUMBER (OCLC); LOCAL CALL NUMBER (RLIN)
-- 31925
-- 31925
100 ## - MAIN ENTRY--PERSONAL NAME
Personal name Doyle, Arthur
245 ## - TITLE STATEMENT
Title The Complete Sherlock Homes...... Stories
260 ## - PUBLICATION, DISTRIBUTION, ETC.
Place of publication, distribution, etc. London
Name of publisher, distributor, etc. John Murray & Co.
Date of publication, distribution, etc.
942 ## - ADDED ENTRY ELEMENTS (KOHA)
Institution code [OBSOLETE] NUST-CAE
Koha item type
--
Holdings
Withdrawn status Lost status Damaged status Not for loan Collection code Permanent Location Current Location Date acquired Total Checkouts Barcode Date last seen Price effective from Koha item type
          College of Aeronautical Engineering (CAE) College of Aeronautical Engineering (CAE) 04/03/2017   CAE41590 04/05/2017 04/05/2017 Book
© 2023 Central Library, National University of Sciences and Technology. All Rights Reserved.